000 00225nam a2200097Ia 4500
008 190216s9999||||xx |||||||||||||| ||und||
100 _aNarendranath R
245 0 _aNammude Baranagadana
260 _bCurrent Books
942 _cBK
999 _c34737
_d34737